| 000 -CABECERA |
| Longitud fija campo de control |
00774nas a22002054a 4500 |
| 008 - CÓDIGOS DE INFORMACIÓN DE LONGITUD FIJA |
| Códigos de información de longitud fija |
020406c19959999spcar || 0 ||cat|| |
| 035 ## - NÚMERO DE CONTROL DEL SISTEMA |
| Número de control del sistema |
0277-23060 |
| -- |
ES-BaSLP035 |
| 040 ## - FUENTE DE LA CATALOGACIÓN |
| Centro catalogador de origen |
ES-BaSLP |
| Lengua de catalogación |
cat |
| Centro transcriptor |
ES-BaSLP |
| 043 ## - CÓDIGO DE ÁREA GEOGRÁFICA |
| Código de área geográfica |
e-sp--- |
| Código local GAC |
e-spc-- |
| Fuente del código local |
catmarc |
| 080 ## - NÚMERO DE LA CLASIFICACIÓN DECIMAL UNIVERSAL |
| Número de la Clasificación Decimal Universal |
77(467.1)(05) |
| 245 02 - MENCIÓN DE TÍTULO |
| Título |
L'Agenda de la imatge : |
| Resto del título |
revista de fotògrafs/es |
| 260 ## - PUBLICACIÓN, DISTRIBUCIÓN, ETC. (PIE DE IMPRENTA) |
| Lugar de publicación, distribución, etc. |
Barcelona : |
| Nombre del editor, distribuidor, etc. |
Unió de Professionals de la Imatge i la Fotografia de Catalunya, |
| Fecha de publicación, distribución, etc. |
1995- |
| 300 ## - DESCRIPCIÓN FÍSICA |
| Otras características físicas |
il. ; |
| Dimensiones |
24 cm. |
| 310 ## - PERIODICIDAD ACTUAL |
| Periodicidad actual |
Trimestral |
| 362 0# - FECHAS DE PUBLICACIÓN Y/O DESIGNACIÓN SECUENCIAL |
| Fecha de publicación y/o designación secuencial |
[1 (3r trim. 1995)]- |
| 500 ## - NOTA GENERAL |
| Nota general |
Descripció basada en: Any VI, núm. 22 (4r timestre 2000) |
| 650 #4 - PUNTO DE ACCESO ADICIONAL DE MATERIA - TÉRMINO DE MATERIA |
| Término de materia o nombre geográfico como elemento inicial |
Fotògrafs |
| Subdivisión geográfica |
Catalunya |
| Subdivisión de materia general |
Revistes |
| 710 2# - PUNTO DE ACCESO ADICIONAL - NOMBRE DE ENTIDAD |
| Nombre de entidad o nombre de jurisdicción como elemento inicial |
Unió de Professionals de la Imatge i la Fotografia de Catalunya |
| 752 ## - PUNTO DE ACCESO ADICIONAL - NOMRE JER´RQUICO DE LUGAR |
| País o entidad superior |
Catalunya |
| Jurisdicción política intermedia |
Barcelonès |
| Ciudad |
Barcelona |